Annals of Agricultural and Environmental Medicine

Salvato in:
Dettagli Bibliografici
Natura: Periodico
Lingua:inglese
Pubblicazione: Lublin Institute of Rural Health
Tags: Aggiungi Tag
Nessun Tag, puoi essere il primo ad aggiungerne!!

MARC

LEADER 00000nas1a2200000 4500
001 0269911
005 20250701092116.9
022 |a 1898-2263 
022 |a 1232-1966 
041 0 |a eng 
044 |a PL 
245 1 0 |a Annals of Agricultural and Environmental Medicine 
264 1 |a Lublin  |b Institute of Rural Health